000 00701nam a2200229 a 4500
001 13469
003 BD-JhCC
005 20231008105621.0
008 231005b2022 bg |||| ||a| 000 0 eng d
020 _a9789849603139
035 _a(BD-JhCC)13469
040 _aBD-JhCC
_dBD-JhCC
041 _aEnglish
082 _a956.70442
_bIQB 2022
100 _aIqbal, Brig Gen Shah Md. Sultan Uddin
245 _aThe first Gulf War(1990-91) And The Senior Tigers /
_cBrig Gen Shah Md. Sultan Uddin Iqbal।
260 _aঢাকা;
_bদ্বৈতা প্রকাশ;
_c২০২২.
300 _a127 p. :
_c22 cm.
650 _aWar--Causes
_zMilitary campaigns
942 _2ddc
_cBK
999 _c13469
_d13469